Statistics for Bundesliga 2020-21 First XI

Click here to take the quiz!

General Stats

  • This quiz has been taken 199 times
  • The average score is 77 of 198

Answer Stats

TeamPositionPlayer% Correct
Borussia MönchengladbachGK Yann Sommer
90%
Bayern MunichGK Manuel Neuer
88%
Bayern MunichFW Robert Lewandowski
85%
Bayern MunichDF Benjamin Pavard
84%
Borussia DortmundFW Erling Haaland
84%
FreiburgGK Florian Müller
84%
Bayern MunichMF Thomas Müller
84%
Bayern MunichMF Joshua Kimmich
83%
Bayern MunichFW Serge Gnabry
83%
Bayern MunichMF Leon Goretzka
81%
Borussia DortmundDF Mats Hummels
81%
Borussia DortmundFW Jadon Sancho
79%
Bayern MunichDF Jérôme Boateng
78%
Bayern MunichFW Leroy Sané
78%
Bayern MunichDF Lucas Hernandez
78%
Bayern MunichDF Niklas Süle
78%
Borussia DortmundGK Roman Bürki
78%
Borussia DortmundMF Axel Witsel
77%
Borussia DortmundMF Jude Bellingham
75%
RB LeipzigMF Emil Forsberg
74%
Eintracht FrankfurtGK Kevin Trapp
73%
Bayer LeverkusenGK Lukáš Hrádecký
73%
Borussia DortmundMF Thorgan Hazard
70%
RB LeipzigFW Yussuf Poulsen
70%
Borussia DortmundDF Manuel Akanji
69%
RB LeipzigMF Dani Olmo
68%
RB LeipzigDF Dayot Upamecano
67%
Arminia BielefeldFW Fabian Klos
67%
Borussia DortmundMF Giovanni Reyna
67%
RB LeipzigGK Péter Gulácsi
66%
Borussia MönchengladbachDF Matthias Ginter
65%
Borussia DortmundMF Thomas Meunier
64%
Eintracht FrankfurtFW André Silva
62%
HoffenheimDF Kasim Nuhu
62%
RB LeipzigMF Kevin Kampl
62%
KölnGK Timo Horn
62%
Bayer LeverkusenMF Charles Aránguiz
61%
KölnDF Jannes Horn
61%
Borussia MönchengladbachDF Ramy Bensebaini
61%
RB LeipzigMF Tyler Adams
61%
RB LeipzigDF Lukas Klostermann
59%
Borussia MönchengladbachDF Nico Elvedi
58%
Eintracht FrankfurtMF Filip Kostić
57%
WolfsburgGK Koen Casteels
57%
Bayer LeverkusenDF Edmond Tapsoba
56%
Werder BremenGK Jiří Pavlenka
56%
Bayer LeverkusenFW Moussa Diaby
55%
HoffenheimFW Andrej Kramarić
54%
Eintracht FrankfurtMF Daichi Kamada
54%
Hertha BSCFW Krzysztof Piątek
54%
HoffenheimGK Oliver Baumann
54%
Borussia MönchengladbachFW Lars Stindl
53%
Bayer LeverkusenFW Lucas Alario
53%
Eintracht FrankfurtDF Makoto Hasebe
53%
RB LeipzigDF Marcel Halstenberg
53%
Borussia MönchengladbachMF Stefan Lainer
53%
Schalke 04GK Ralf Fährmann
52%
KölnMF Jonas Hector
51%
WolfsburgFW Wout Weghorst
51%
RB LeipzigMF Angeliño
49%
WolfsburgDF John Brooks
49%
Eintracht FrankfurtDF Martin Hinteregger
49%
Schalke 04MF Amine Harit
48%
Bayer LeverkusenMF Florian Wirtz
48%
StuttgartGK Gregor Kobel
48%
Schalke 04DF Ozan Kabak
48%
FreiburgMF Vincenzo Grifo
48%
Arminia BielefeldGK Stefan Ortega
47%
RB LeipzigMF Amadou Haidara
46%
StuttgartMF Wataru Endo
46%
Borussia MönchengladbachMF Florian Neuhaus
45%
Bayer LeverkusenDF Lars Bender
44%
Bayer LeverkusenDF Sven Bender
44%
Eintracht FrankfurtFW Bas Dost
43%
Eintracht FrankfurtDF David Abraham
43%
Borussia MönchengladbachFW Jonas Hofmann
43%
Hertha BSCFW Matheus Cunha
43%
AugsburgGK Rafał Gikiewicz
43%
Bayer LeverkusenMF Kerem Demirbay
42%
HoffenheimFW Moanes Dabbur
42%
Schalke 04MF Nabil Bentaleb
42%
KölnFW Sebastian Andersson
42%
Hertha BSCFW Dodi Lukebakio
41%
KölnMF Ondrej Duda
41%
Hertha BSCGK Alexander Schwolow
40%
Borussia MönchengladbachMF Oscar Wendt
40%
Eintracht FrankfurtMF Sebastian Rode
40%
Borussia MönchengladbachMF Christoph Kramer
39%
Hertha BSCMF Vladimír Darida
39%
Hertha BSCDF Dedryck Boyata
38%
Bayer LeverkusenFW Karim Bellarabi
38%
Werder BremenDF Ludwig Augustinsson
38%
WolfsburgMF Maximilian Arnold
38%
StuttgartMF Silas Wamangituka
38%
Borussia DortmundDF Emre Can
37%
Werder BremenMF Josh Sargent
37%
Bayer LeverkusenDF Daley Sinkgraven
36%
AugsburgFW Michael Gregoritsch
36%
FreiburgFW Nils Petersen
36%
Hertha BSCDF Peter Pekarík
36%
MainzFW Robin Quaison
36%
KölnMF Ellyes Skhiri
35%
Werder BremenDF Theodor Gebre Selassie
35%
Schalke 04DF Benjamin Stambouli
34%
FreiburgDF Christian Günter
34%
WolfsburgDF Jérôme Roussillon
34%
MainzGK Robin Zentner
34%
Schalke 04FW Gonçalo Paciência
33%
FreiburgDF Jonathan Schmid
33%
WolfsburgMF Josip Brekalo
33%
WolfsburgDF Maxence Lacroix
33%
FreiburgMF Roland Sallai
33%
Werder BremenFW Yuya Osako
33%
MainzDF Jeremiah St. Juste
32%
Werder BremenDF Niklas Moisander
32%
WolfsburgMF Xaver Schlager
32%
Union BerlinDF Christopher Trimmel
31%
AugsburgFW Florian Niederlechner
31%
MainzFW Jean-Philippe Mateta
31%
AugsburgMF Ruben Vargas
31%
KölnDF Sebastiaan Bornauw
31%
Schalke 04DF Sebastian Rudy
31%
Werder BremenMF Davy Klaassen
30%
HoffenheimFW Christoph Baumgartner
29%
Borussia MönchengladbachFW Hannes Wolf
29%
Union BerlinGK Andreas Luthe
28%
HoffenheimDF Kevin Vogt
28%
Hertha BSCMF Lucas Tousart
28%
HoffenheimMF Pavel Kadeřábek
28%
Schalke 04MF Suat Serdar
28%
HoffenheimMF Diadie Samassékou
27%
Hertha BSCMF Niklas Stark
27%
FreiburgDF Philipp Lienhart
27%
Werder BremenDF Marco Friedl
26%
WolfsburgDF Renato Steffen
26%
WolfsburgMF Admir Mehmedi
24%
Eintracht FrankfurtMF Danny da Costa
24%
MainzDF Moussa Niakhaté
24%
Schalke 04MF Rabbi Matondo
24%
Arminia BielefeldDF Amos Pieper
23%
Werder BremenFW Davie Selke
23%
HoffenheimDF Ermin Bičakčić
23%
AugsburgDF Iago
23%
Werder BremenMF Johannes Eggestein
23%
MainzMF Karim Onisiwo
23%
AugsburgDF Jeffrey Gouweleeuw
22%
FreiburgMF Jeong Woo-yeong
22%
MainzMF Leandro Barreiro
22%
Schalke 04MF Mark Uth
22%
AugsburgMF Rani Khedira
22%
FreiburgMF Lucas Höler
21%
Union BerlinDF Marvin Friedrich
21%
Hertha BSCDF Maximilian Mittelstädt
21%
Arminia BielefeldMF Ritsu Dōan
21%
StuttgartDF Marc-Oliver Kempf
20%
StuttgartMF Orel Mangala
20%
Arminia BielefeldFW Sergio Córdova
20%
Schalke 04DF Bastian Oczipka
19%
WolfsburgMF João Victor
19%
FreiburgMF Nicolas Höfler
19%
Union BerlinMF Robert Andrich
19%
Union BerlinDF Robin Knoche
19%
AugsburgMF Daniel Caligiuri
18%
StuttgartMF Gonzalo Castro
18%
StuttgartDF Waldemar Anton
18%
AugsburgMF Carlos Gruezo
17%
StuttgartDF Marcin Kamiński
17%
Union BerlinFW Marcus Ingvartsen
16%
MainzDF Daniel Brosinski
15%
Hertha BSCDF Jordan Torunarigha
15%
Arminia BielefeldMF Manuel Prietl
15%
Union BerlinMF Sheraldo Becker
15%
Union BerlinDF Christopher Lenz
14%
Eintracht FrankfurtMF Dominik Kohr
14%
HoffenheimMF Dennis Geiger
13%
AugsburgDF Felix Uduokhai
13%
Union BerlinMF Grischa Prömel
13%
KölnMF Jan Thielmann
13%
KölnDF Rafael Czichos
12%
AugsburgDF Raphael Framberger
11%
MainzDF Ridle Baku
11%
MainzMF Danny Latza
10%
FreiburgDF Dominique Heintz
10%
Union BerlinMF Christian Gentner
9%
Arminia BielefeldDF Mike van der Hoorn
9%
StuttgartFW Daniel Didavi
8%
HoffenheimMF Kevin Akpoguma
8%
Union BerlinMF Marius Bülter
8%
StuttgartFW Mateo Klimowicz
8%
Arminia BielefeldFW Cebio Soukou
7%
KölnMF Elvis Rexhbeçaj
5%
Arminia BielefeldMF Marcel Hartel
5%
Werder BremenMF Tahith Chong
5%
MainzMF Jonathan Burkardt
4%
Arminia BielefeldDF Nathan de Medina
4%
KölnDF Marco Höger
3%
Arminia BielefeldDF Anderson Lucoqui
2%
StuttgartMF Roberto Massimo
2%

Score Distribution

Percentile by Number Answered

Percent of People with Each Score

Your Score History

You have not taken this quiz